| 000 | 00717nam a22002292 4500 | ||
|---|---|---|---|
| 001 | 0000005395 | ||
| 005 | 20151217161136.0 | ||
| 008 | 070613s xx 000 0 eng d | ||
| 020 | _a0415086418 : | ||
| 040 |
_aKABU _cKABU |
||
| 050 | 0 |
_aZ7164 _b.C81I58 |
|
| 245 | 1 | 0 |
_aInternational bibliography of business history / _cedited by F. Goodall, T. Gourvish and S. Tolliday. |
| 260 |
_aLondon : _bRoutledge, _c1997. |
||
| 300 | _axvi, 668 p. | ||
| 650 | 0 |
_aBusiness _xBibliography. _@0000156697 |
|
| 700 | 1 |
_aGoodall, F. _@0000156698 |
|
| 700 | 1 |
_aGourvish, T. _@0000156699 |
|
| 700 | 1 |
_aTolliday, S. _@0000156700 |
|
| 908 | _a070613 | ||
| 950 | _@1 | ||
| 999 |
_c14995 _d14995 |
||